000 00793nam1a22002411i 4500
001 rc\2954306
005 20240723223448.0
035 _a(NLR Aleph) 007101617
090 _a6676536
_c6676536
100 _a20110831d1939 |||y0rusy50 ca
101 0 _arus
102 _aRU
105 _ay f |||||
200 1 _aТехническая энциклопедия
_eТ. 11-
_fГл. ред. Л.К. Мартенс
205 _a2-е изд., испр. и доп.
210 _aМосква
_cГОНТИ, Гл. ред. тех. энциклопедий и словарей
_d1939
215 _d26 см
702 1 _aМартенс
_bЛ.К.
_gЛюдвиг Карлович
_4340
801 0 _aRU
_bNLR
_gpsbo
801 1 _aRU
_bELAR
_2rusmarc
852 _aNLR
_jс301-100/1937
942 _cBOOK